African Proverbs /

Sábháilte in:
Sonraí bibleagrafaíochta
Príomhchruthaitheoir: Leslau, Charlotte (autor)
Rannpháirtithe: Leslau, Wolf (autor) (autor)
Formáid: LEABHAR
Teanga:Béarla
Foilsithe / Cruthaithe: Nueva York, EUA : Peter Pauper, 1985, c1985
Clibeanna: Cuir clib leis
Níl clibeanna ann, Bí ar an gcéad duine le clib a chur leis an taifead seo!

MARC

LEADER 00000nam^a2200000^a^4500
001 000590519
005 20250521000000.0
009 20260310132909.639
020 |a 0-88088-025-2 
037 |a Acervo ITESO - Biblioteca 
041 |a ING 
091 |a FCR. 00730 
100 |a Leslau, Charlotte  |e (autor) 
245 1 0 |a African Proverbs / 
264 4 |a Nueva York, EUA :  |b Peter Pauper,  |c 1985, c1985 
300 |a 61 p. 
336 |a texto  |b txt  |2 rdacontenido 
337 |a sin mediación  |b n  |2 rdamedio 
338 |a volumen  |b nc  |2 rdasoporte 
649 |a XX 
700 |a Leslau, Wolf  |e (autor) 
910 |a Fondo Cristina Romo Gil 
920 |a Impresos - Libros 
930 |a Fondos Especiales 
905 |a 143 
901 |a 0900116903  |b IT2  |c ESP  |i D123338  |u 20250521 
902 |a https://opac.biblio.iteso.mx/vufind/Record/000590519